Softvérové prostriedky pre tvorbu multimediálnych elektronických výučbových materiálov

Príprava štúdijných materiálov. Nároky na zaujímavosť, originalitu no pritom jednoduchosť vytváraných textov rastú priamo úmerne s vývojovými tendenciami v oblasti informačno-komunikačných technológií. Štúdijné materiály obohatené o multimediálne prvky. Voľne dostupné a aj komerčné softvérové prostr...

ver descrição completa

Na minha lista:
Detalhes bibliográficos
Autor principal: Chlebec, Juraj
Outros Autores: Majorová, Martina
Formato: Capítulo de Livro
Idioma:eslovaco
Assuntos:
Tags: Adicionar Tag
Sem tags, seja o primeiro a adicionar uma tag!

MARC

LEADER 00000naa$a2200000$$$4500
001 0059915
005 20231010124437.9
041 0 |a slo 
044 |a SK 
245 1 0 |a Softvérové prostriedky pre tvorbu multimediálnych elektronických výučbových materiálov  |c Juraj Chlebec, Martina Majorová 
520 |a Príprava štúdijných materiálov. Nároky na zaujímavosť, originalitu no pritom jednoduchosť vytváraných textov rastú priamo úmerne s vývojovými tendenciami v oblasti informačno-komunikačných technológií. Štúdijné materiály obohatené o multimediálne prvky. Voľne dostupné a aj komerčné softvérové prostriedky pre tvorbu multimediálnych elektronických výučbových materiálov. 
610 2 0 |a kvalita 
610 2 0 |a vyučovanie 
610 2 0 |a materiály nové 
610 2 0 |a multimédiá 
610 2 0 |a vzdelávanie elektronické 
610 2 0 |a softvér 
100 1 |a Chlebec, Juraj 
700 1 |a Majorová, Martina